False answers - Statistics

General Stats
  • This quiz has been taken 16 times
  • The average score is 6 of 15
Answer Stats
Question Answer % Correct
I am An idiot Sandwich
100%
I laugh — What do you do? I don’t have friends
100%
Who’s the prettiest Lord Voldemort
100%
Are you stupid? Sure why not
100%
What is 2+2 6
50%
Who are you? Bread
50%
Who is the best teacher? Miele
50%
The boy who lived Come to die
0%
Hello From
0%
Why are you ugly? I am not ugly #selflove
0%
Tell us why show us how Look at where you
0%
Manners maketh Men
0%
Did you like the quiz? No
0%
What are you? Stupid
0%
I am the king of the world Titanic
0%
No matching quizzes found
Score Distribution
Percent of People with Each Score
Percentile by Number Answered
Your Score History
You have not taken this quiz